000 00589nam a2200217Ia 4500
005 20241216011008.0
008 190212s9999||||xx |||||||||||||| ||und||
082 _a615.537
_bC28
100 _aCASANOVA LENTI, CARLOS
245 0 _aMEDICAMENTADO U OPERADO, VA A SER UD.
250 _a0
260 _aLIMA-PERU
_bCARLOS CASANOVA LENTI
_c1981
300 _a163 pag
_c29 cm
341 _h0
490 _v0
_a0
505 _aCASOS CLINICOS-HIPOCRATICOS/NATURISMO-PERU
541 _aC
_d16-Dec-93
_oSoles
650 _aCIENCIAS APLICADAS
856 _zCiencias Aplicadas
942 _cLIBRO
999 _c29766
_d29766